000 00362nam a22000977a 4500
008 130911b xxu||||| |||| 00| 0 eng d
010 _aCACAF:1C
245 _acourt of appeal civil appeall No.09 of 2009 His worship Aggrey Bwire vs Attorney General, Judicial Service Commision
260 _aCourt of Appeal Kampala
_c14/12/2009
500 _3Justice A.E.N Mpagi Bahigeine
999 _c5743
_d5743